000
00288nam a22001337a 4500
008
170222b xxu||||| |||| 00| 0 eng d
020
_a
9780781729659
041
_a
eng
080
_a
615 31
100
_a
5
101
_a
SHS
245
_a
DENTAL IMAGING
_c
LANGLAND.O.E
942
_2
udc
_c
BK
999
_c
6024
_d
6024